书目信息 |
| 题名: |
Red Hat Linux 9宝典
|
|
| 作者: | 尼格斯, , 尼格斯 著 ;盖江南 , 阎文丽 , 王勇 译 | |
| 分册: | ||
| 出版信息: | 北京 电子工业出版社 2004.10 |
|
| 页数: | 779页 | |
| 开本: | 26cm | |
| 丛书名: | 美国计算机“宝典”丛书 | |
| 单 册: | ||
| 中图分类: | TP316.89 | |
| 科图分类: | ||
| 主题词: | 计算机网络--ji suan ji wang luo--操作系统 , LINUX操作系统--linux cao zuo xi tong | |
| 电子资源: | ||
| ISBN: | 7-121-00390-2 | |
| 000 | 01383nam 2200361 450 | |
| 001 | CAL 012004128885 | |
| 005 | 20050530111934.62 | |
| 010 | @a7-121-00390-2@dCNY 79.00 | |
| 099 | @aCAL 012004128885 | |
| 100 | @a20041115d2004 em y0chiy0121 ea | |
| 101 | 1 | @achi@ceng |
| 102 | @aCN@b110000 | |
| 105 | @aak z 000yy | |
| 200 | 1 | @aRed Hat Linux 9宝典@Ared hat linux 9 bao dian@d= Red Hat Linux 9 bible@f(美) 尼格斯著@F(mei)ni ge si zhu@g王勇, 盖江南, 阎文丽等译@zeng |
| 210 | @a北京@c电子工业出版社@d2004.10 | |
| 215 | @a779页@c图@d26cm | |
| 225 | 0 | @a美国计算机“宝典”丛书@Amei guo ji suan ji “ bao dian ” cong shu |
| 306 | @a由美国John Wiley & Sons,Inc.授权电子工业出版社及其所属今日电子杂志社出版。据美国John Wiley & Sons,Inc.2004年英文版译出。 | |
| 314 | @a责任者规范汉译姓: 尼格斯。 | |
| 410 | 0 | @12001 @a美国计算机宝典丛书 |
| 510 | 1 | @aRed Hat Linux 9 bible@zeng |
| 606 | 0 | @a计算机网络@Aji suan ji wang luo@x操作系统 |
| 606 | 0 | @aLINUX操作系统@Alinux cao zuo xi tong |
| 690 | @aTP316.89@v4 | |
| 701 | 1 | @a尼格斯,@Ani ge si@bC.@g(Negus, Christopher)@4著 |
| 701 | 0 | @a尼格斯@Ani ge si@4著 |
| 702 | 0 | @a盖江南@Agai jiang nan@4译 |
| 702 | 0 | @a阎文丽@Ayan wen li@4译 |
| 702 | 0 | @a王勇@Awang yong@4译 |
| 801 | 0 | @aCN@bBTBU@c20050530 |
| 905 | @a10447@dTP316.89@eN446 | |
| 906 | @b黄河水利职业技术学院图书馆@dCNY 79.00@n2@r1 | |
| 998 | @aBTBU | |
| Red Hat Linux 9宝典= Red Hat Linux 9 bible/(美) 尼格斯著/王勇, 盖江南, 阎文丽等译.-北京:电子工业出版社,2004.10 |
| 779页:图;26cm.-(美国计算机“宝典”丛书) |
| ISBN 7-121-00390-2:CNY 79.00 |
| ● |
| 相关链接 |
|
|
|
正题名:Red Hat Linux 9宝典
索取号:TP316.89/N446
 
预约/预借
| 序号 | 登录号 | 条形码 | 馆藏地/架位号 | 状态 | 备注 |
| 1 | 534722 | 205347221 | 自科库301/301自科库 59排2列4层/ [索取号:TP316.89/N446] | 在馆 | |
| 2 | 534723 | 205347230 | 自科库301/ [索取号:TP316.89/N446] | 在馆 |